000 00522nam a2200145Ia 4500
008 140724s9999 xx 000 0 und d
050 _aLJ 121
_b.R696 2011
100 _aRodriguez, Divina Grace C.
245 _aReceptive and expressive skills of children with autism who underwent music therapy /
_cDivina Grace C. Rodriguez.
260 _aLas PiƱas, Philippines :
_bSouthville International School and Colleges,
_cc2011.
300 _a58 p. :
_c28 cm.
521 _aSpecial Education
942 _cTH
999 _c228987
_d228987